Vista normal
Vista MARC
Entrada Topical Term
Número de registros utilizados en: 1
001 - CONTROL NUMBER
- control field: 9563
003 - CONTROL NUMBER IDENTIFIER
- control field: OSt
005 - DATE AND TIME OF LATEST TRANSACTION
- control field: 20200901115437.0
008 - FIXED-LENGTH DATA ELEMENTS
- fixed length control field: 200901|| aca||aabn | a|a d
040 ## - CATALOGING SOURCE
- Original cataloging agency: OSt
- Transcribing agency: OSt
150 ## - HEADING--TOPICAL TERM
- Topical term or geographic name entry element: Funcionarios públicos
- General subdivision: educación
670 ## - SOURCE DATA FOUND
- Source citation: Work cat.: (OSt)6087: Centro Latinoamericano de Administración Para el Desarrollo (CLAD) 9561, La educación virtual como instrumento de la profesionalización de la función pública en América Latina y el Caribe /, 2008.